| 000 | 00973nam a2200253Ia 4500 | ||
|---|---|---|---|
| 003 | OSt | ||
| 005 | 20221005112131.0 | ||
| 006 | a|||||r|||| 00| 0 | ||
| 007 | ta | ||
| 008 | 221004b |||||||| |||| 00| 0 pan d | ||
| 020 | _cINR 150.00 | ||
| 024 | _a66721 | ||
| 037 |
_bSP/5346, 15/02/2020, Star Publications Pvt. Ltd. _cTextual |
||
| 040 |
_aCRL _cCRL _bpan |
||
| 041 |
_2pan _apan |
||
| 082 | _aV23671.N47, 153Q9 | ||
| 100 | _aਸਿੰਘ, ਐਸ. ਜੀ., ਂਚ. | ||
| 245 | 0 |
_a1947 ਜਬ ਅੰਮ੍ਰਿਤਸਰ ਜਲ ਰਹਾ ਥਾ _b ਮਦਲੱਲ ਦਲੀਲ ਭਰਿਆ ਜਵਾਬ |
|
| 260 |
_aਅੰਮ੍ਰਿਤਸਰ _bਆਗ਼ਾਦ ਬੁੱਕ ਡੀਪੂ ਭਾਰਤ _c2019 |
||
| 300 |
_a82ਪ੍ਰ0 _ccm. |
||
| 650 | _aਇਤਿਹਾਸ | ||
| 942 |
_hV23671.N47, 153Q9 _cTEXL _2cc |
||
| 999 |
_c1023914 _d1023914 |
||